MARC

LEADER 00000nam0a2200000 4500
001 91818
005 20231031104312.0
035 |a (RuTPU)RU\TPU\book\98408 
090 |a 91818 
100 |a 20060302d1966 m y0rusy50 ca 
101 0 |a rus 
102 |a RU 
105 |a a j 000zy 
200 1 |a Проектирование вентиляционных установок  |e учебник  |f М. И. Фильней 
210 |a Москва  |c Высшая школа  |d 1966 
215 |a 297 с.  |c ил. 
610 1 |a вентиляционные установки 
610 1 |a проектирование 
610 1 |a учебники 
610 1 |a таблицы 
610 1 |a формулы 
610 1 |a номограммы 
610 1 |a примеры 
610 1 |a указания 
675 |a 628.83(075.8)  |v 3 
700 1 |a Фильней  |b М. И.  |g Марк Исаевич 
801 1 |a RU  |b 63413507  |c 20060302  |g PSBO 
801 2 |a RU  |b 63413507  |c 20161011  |g PSBO 
942 |c BK